The folk-songs of Southern India, (Record no. 81043)
[ view plain ]
| 000 -LEADER | |
|---|---|
| fixed length control field | 00845cam a22002411 4500 |
| 001 - CONTROL NUMBER | |
| control field | sa 68005988 |
| 003 - CONTROL NUMBER IDENTIFIER | |
| control field | DLC |
| 005 - DATE AND TIME OF LATEST TRANSACTION | |
| control field | 20260227112512.0 |
| 008 - FIXED-LENGTH DATA ELEMENTS--GENERAL INFORMATION | |
| fixed length control field | 711028s1959 ii 000 0 eng |
| 010 ## - LIBRARY OF CONGRESS CONTROL NUMBER | |
| LC control number | sa 68005988 |
| 040 ## - CATALOGING SOURCE | |
| Original cataloging agency | DLC |
| Transcribing agency | DLC |
| Modifying agency | DLC |
| 041 1# - LANGUAGE CODE | |
| Language code of text/sound track or separate title | engdra |
| 043 ## - GEOGRAPHIC AREA CODE | |
| Geographic area code | a-ii--- |
| 050 00 - LIBRARY OF CONGRESS CALL NUMBER | |
| Classification number | PL4951.E3 |
| Item number | G6 1959 |
| 100 1# - MAIN ENTRY--PERSONAL NAME | |
| Personal name | Gover, Charles E., |
| Dates associated with a name | -1872. |
| 245 14 - TITLE STATEMENT | |
| Title | The folk-songs of Southern India, |
| Statement of responsibility, etc. | by Charles E. Gover. |
| 250 ## - EDITION STATEMENT | |
| Edition statement | [2d ed.] |
| Remainder of edition statement | With a foreword by M. K. Shanmugam. |
| 260 ## - PUBLICATION, DISTRIBUTION, ETC. | |
| Place of publication, distribution, etc. | Tirunelveli, |
| Name of publisher, distributor, etc. | South India Saiva Siddhanta Works Pub. Society, Tinnevelly |
| Date of publication, distribution, etc. | [1959] |
| 300 ## - PHYSICAL DESCRIPTION | |
| Extent | xi, xxiv, 300 p. |
| Dimensions | 19 cm. |
| 490 0# - SERIES STATEMENT | |
| Series statement | South Indian Saiva Siddhanta Works Pub. Society, Tinnevelly. Publication no. 965 |
| 650 #0 - SUBJECT ADDED ENTRY--TOPICAL TERM | |
| Topical term or geographic name entry element | Dravidian poetry |
| General subdivision | Translations into English. |
| 650 #0 - SUBJECT ADDED ENTRY--TOPICAL TERM | |
| Topical term or geographic name entry element | Folk songs, Dravidian |
| Geographic subdivision | India |
| General subdivision | Texts. |
No items available.